¿Cómo debe leerse la Biblia en la Iglesia católica? Diálogo entre la interpretación de la Biblia en la Iglesia y la exhortación apostólica Verbum Domini.
Bewaard in:
| Hoofdauteur: | |
|---|---|
| Formaat: | Onbekend |
| Gepubliceerd in: |
Barcelona, España:
Centre De Pastoral Litúrgica,
2012.
|
| Onderwerpen: | |
| Tags: |
Voeg label toe
Geen labels, Wees de eerste die dit record labelt!
|
MARC
| LEADER | 00000 a2200000 4500 | ||
|---|---|---|---|
| 003 | CL-VaPUC | ||
| 005 | 20221103165058.0 | ||
| 008 | 221025t2012 ||||| |||| 00| 0 eng d | ||
| 999 | |c 438826 |d 438824 | ||
| 020 | |a 9788498055894 | ||
| 040 | |c Pontificia Universidad Católica de Valparaíso | ||
| 082 | 7 | |a 220 MAL 2012 |2 22 | |
| 100 | |a Malé Ribera, Joaquim |9 876791 |e autor | ||
| 245 | |a ¿Cómo debe leerse la Biblia en la Iglesia católica? |b Diálogo entre la interpretación de la Biblia en la Iglesia y la exhortación apostólica Verbum Domini. | ||
| 260 | |a Barcelona, España: |b Centre De Pastoral Litúrgica, |c 2012. | ||
| 300 | |a 192 páginas. | ||
| 583 | |k GC |c 20221025 | ||
| 650 | |a Hermenéutica bíblica |y Siglo 20 |9 877993 | ||
| 650 | |a Biblia |9 257603 | ||
| 942 | |2 ddc |c BK | ||
| 952 | |0 0 |1 0 |2 ddc |4 0 |6 220_000000000000000_MAL_2012 |7 0 |8 A |9 587454 |a BIBTEO |b BIBTEO |c GEN |d 2022-10-24 |e 3 |g 29811.00 |i 5655341 |o 220 MAL 2012 |p 5655341 |r 2025-01-17 |t 1 |v 29811.00 |w 2022-10-24 |y BK |k ICR | ||